000 00625cam a22002173a 4500
001 45261
003 PGUSA
005 20140828084033.0
008 140330s2014||||xxu|||||s|||||000 | eng d
040 _aPGUSA
_beng
042 _adc
100 1 _aMartinez, Albert B.
245 1 4 _aThe Argentine in the Twentieth Century
_h[electronic resource] /
_cAlbert B. Martinez
260 _bProject Gutenberg,
_c2014
506 _aPublic domain in the USA.
516 _aElectronic text
700 1 _aMiall, Bernard,
_d1876-
830 0 _aProject Gutenberg
_v45261
856 4 0 _uhttp://www.gutenberg.org/ebooks/45261
942 _cEB
999 _c274512
_d274512